| 000 | 00362nam a2200145Ia 4500 | ||
|---|---|---|---|
| 008 | 230917s9999||||xx |||||||||||||| ||und|| | ||
| 040 |
_e43155 _aMAIN |
||
| 041 | _aEnglish | ||
| 082 | _a940.28 M349H | ||
| 100 | _aMarriott, JAR | ||
| 245 | 2 | _aA history of Europe: from 1815 to 1939 | |
| 260 |
_aDelhi _bSurjeet _c1979 |
||
| 300 | _axviii, 634 p. | ||
| 942 | _cBK | ||
| 999 |
_c208528 _d208528 |
||